000 00292nam a2200121Ia 4500
008 190723s9999 xx 000 0 und d
020 _a978-1-118-12236-5
100 _aAnn Brockett
245 0 _aCorporate Sustainabiltiy
260 _aNew jersey
_bWiley
_c2012
300 _a316.:p
942 _cBK
999 _c1675
_d1675